000 00241nam a2200109Ia 4500
005 20251222114412.0
008 251222s1900||||xx |||||||||||||| ||spa||
082 _aDVD0050/T22/2003/Ej.2
245 0 _aStalker
264 _bMosfilm
942 _cDVD
999 _c2083
_d2083